Anales palatinos del Califa de Córdoba al-Hakam II por 'Isa ibn Ahmad al-Razi (360-364 H.= 971-975 J. C.) (Record no. 69003)

MARC details
000 -LEADER
campo de control de longitud fija 01016nam a2200229 i 4500
001 - NÚMERO DE CONTROL
campo de control 69003
003 - IDENTIFICADOR DE NÚMERO DE CONTROL
campo de control ES-MaACL
005 - FECHA Y HORA DE LA ÚLTIMA TRANSACCIÓN
campo de control 20251002204010.0
007 - CAMPO FIJO DE DESCRIPCIÓN FÍSICA--INFORMACIÓN GENERAL
campo de control de longitud fija t|
008 - DATOS DE LONGITUD FIJA--INFORMACIÓN GENERAL
campo de control de longitud fija 040826s1967 sp |||| |dspa d
100 0# - ENTRADA PRINCIPAL--NOMBRE DE PERSONA
Nombre de persona Al-Razi, Isa ibn Ahmad.
9 (RLIN) 19055
245 10 - MENCIÓN DEL TÍTULO
Título Anales palatinos del Califa de Córdoba al-Hakam II por 'Isa ibn Ahmad al-Razi (360-364 H.= 971-975 J. C.)
Resto del título : el Califato de Córdoba en el "Muqtabis" de Ibn Hayyan /
Mención de responsabilidad, etc. traducción de un ms. árabe de la Real Academia de la Historia por Emilio García Gómez.
260 ## - PUBLICACIÓN, DISTRIBUCIÓN, ETC.
Lugar de publicación, distribución, etc. Madrid :
Nombre del editor, distribuidor, etc. Sociedad de Estudios y Publicaciones,
Fecha de publicación, distribución, etc. 1967.
300 ## - DESCRIPCIÓN FÍSICA
Extensión 293 p. ;
Dimensiones 25 cm.
594 ## - Nota al título y mención de responsabilidad
Nota al título y mención de responsabilidad Título paralelo en árabe.
600 14 - PUNTO DE ACCESO ADICIONAL DE MATERIA--NOMBRE DE PERSONA
Nombre de persona Al-Hakem
Numeración II
Títulos y otros términos asociados al nombre Califa de Córdoba.
9 (RLIN) 166613
651 #4 - PUNTO DE ACCESO ADICIONAL DE MATERIA--NOMBRE GEOGRÁFICO
Nombre geográfico Al-Andalus-
Subdivisión general Historia-
Subdivisión cronológica 929-1031, Califato de Córdoba.
9 (RLIN) 7611
700 1# - ENTRADA AGREGADA--NOMBRE PERSONAL
Nombre de persona García Gómez, Emilio,
Fechas asociadas al nombre 1905-1995
9 (RLIN) 54690
700 1# - ENTRADA AGREGADA--NOMBRE PERSONAL
Nombre de persona Ibn Hayyan al-Qurtubi, Hayyan ibn Halaf,
Fechas asociadas al nombre 987 ó 8-1076
9 (RLIN) 166614
852 ## - LOCALIZACIÓN
Ubicación ES-MaACL
Número de control de estantería G-5439
Holdings
Estatus retirado Estado de pérdida Estado de daño No para préstamo Biblioteca de origen Biblioteca actual Ubicación en estantería Fecha de adquisición Fuente de adquisición Total de préstamos Signatura topográfica completa Código de barras Visto por última vez Precio de reemplazo Tipo de ítem Koha
        Biblioteca del Ateneo de Madrid Biblioteca del Ateneo de Madrid Depósito 2 17/01/2008     G-5439 1072257 23/02/2023 23/02/2023 Libro impreso